000 00737nas a2200229 4500
001 BR8905077
003 BR-BrBNA
005 20231205091734.0
007 ta
008 230509b bl.|||p| |||| 00| 00por d
040 _aBR-BrBNA
_bpor
_cBiblioteca Nacional de Agricultura
041 _a(Pt)
072 _aP33
100 1 _aCavalcanti, C.
245 1 _aA seca do nordeste brasileiro: uma visao de estudos e pesquisas elaborados em um seculo de producao de conhecimentos
650 _aSECA
650 _aESTIAGEM
650 _aREGIAO NORDESTE
773 0 _tRevista Economica do Nordeste (Brazil)
_xISSN 0100-4956
_g(Jan-Mar 1988), v. 19(1) p. 97-127
_wBR8905077
909 _a202311
_bLúcia
_c55
_dLúcia Elande
942 _2AGRIS
_n0
_cANA
999 _c127028
_d127028